tripleS sub-unit - Statistics

General Stats
  • This quiz has been taken 39 times
  • The average score is 11 of 15
Answer Stats
Answer % Correct
2022 Acid Angel from Asia
88%
2023 +(KR)ystal Eyes
88%
2023 LOVElution
88%
2024 Aria
82%
2023 EVOLution
82%
2025 neptune
76%
2024 NXT
76%
2024 Visionary Vision
76%
2025 zenith
76%
2025 moon
71%
2025 sun
71%
2024 ∞!
65%
2024 Glow
65%
2023 Acid Eyes
47%
2025 Alphie
41%
No matching quizzes found
Score Distribution
Percent of People with Each Score
Percentile by Number Answered
Your Score History
You have not taken this quiz